Online
Catalog

Vida en New York : (Record no. 27459)

MARC details
000 -CABECERA
campo de control de longitud fija 00966nam a2200241 a 4500
001 - NÚMERO DE CONTROL
campo de control 000027967
005 - FECHA Y HORA DE LA ÚLTIMA TRANSACCIÓN
campo de control 20200930031235.0
008 - DATOS DE LONGITUD FIJA--INFORMACIÓN GENERAL
campo de control de longitud fija 110406s1974 dr ac 001 0 spa d
040 ## - FUENTE DE LA CATALOGACIÓN
Centro catalogador/agencia de origen DO-SdBNP
Lengua de catalogación spa
Centro/agencia transcriptor BNPHU
041 17 - CÓDIGO DE LENGUA
Código de lengua del texto/banda sonora o título independiente spa
Código de lengua original eng
082 ## - NÚMERO DE LA CLASIFICACIÓN DECIMAL DEWEY
Número de clasificación 917.47
Número de documento/Ítem C352v
049 ## - FONDOS LOCALES (OCLC)
Fondos de biblioteca BNPD
100 1# - ENTRADA PRINCIPAL--NOMBRE DE PERSONA
Nombre de persona Castillo, Alfredo del
9 (RLIN) 46507
245 10 - MENCIÓN DE TÍTULO
Título Vida en New York :
Resto del título datos, leyes y consejos útiles en el estado de Nueva York, E. U. A. /
Mención de responsabilidad, etc. Alfredo del Castillo.
260 ## - PUBLICACIÓN, DISTRIBUCIÓN, ETC.
Lugar de publicación, distribución, etc. Santo Domingo :
Nombre del editor, distribuidor, etc. Empresas America Publications,
Fecha de publicación, distribución, etc. 1974.
Fabricante Cultural Dominicana
300 ## - DESCRIPCIÓN FÍSICA
Extensión 221 p. :
Otras características físicas il., retrs. ;
Dimensiones 21 cm.
546 ## - NOTA DE LENGUA/LENGUAJE
Nota de lengua/lenguaje español, Inglés.
650 #4 - PUNTO DE ACCESO ADICIONAL DE MATERIA--TÉRMINO DE MATERIA
Término de materia o nombre geográfico como elemento de entrada Ciudades y pueblos
Subdivisión geográfica Estados Unidos
9 (RLIN) 28976
651 #4 - PUNTO DE ACCESO ADICIONAL DE MATERIA--NOMBRE GEOGRÁFICO
Nombre geográfico Nueva York (Estados Unidos{Rpara}
Subdivisión general Descripciones Y Viajes
9 (RLIN) 55035
651 #4 - PUNTO DE ACCESO ADICIONAL DE MATERIA--NOMBRE GEOGRÁFICO
Nombre geográfico Nueva York (Estados Unidos{Rpara}
Subdivisión general Vida Social Y Costumbres
9 (RLIN) 28973
651 #4 - PUNTO DE ACCESO ADICIONAL DE MATERIA--NOMBRE GEOGRÁFICO
Nombre geográfico Nueva York (Estados Unidos{Rpara}
Subdivisión general Historia Local
9 (RLIN) 28971
910 ## - DATOS DE OPCIÓN DEL USUARIO (OCLC)
Datos de opción del usuario Validado. Control de calidad EMS
Holdings
Estado de retiro Estado de pérdida No para préstamo Código de colección Localización permanente Ubicación/localización actual Ubicación en estantería Fecha de adquisición Número de inventario Total de préstamos Signatura topográfica completa Código de barras Fecha visto por última vez Precio válido a partir de Tipo de ítem Koha
    Excluido de préstamo Patrimonio Dominicano Patrimonio Dominicano Patrimonio Dominicano Depósito 06.04.2011 LF1   917.47 C352v 27967-10 25.06.2020 25.06.2020 Libro y Folleto Colección Patrimonio Dominicano

Powered by Koha